| 000 | 00663nam a22002170 4500 | ||
|---|---|---|---|
| 001 | ocm971550258x | ||
| 003 | PILC | ||
| 005 | 20150616144846.0 | ||
| 008 | 030827s1997 | ||
| 020 | _a971550258X | ||
| 020 | _a9789715502580 | ||
| 050 |
_aPE 1128 _b.B292 1997 |
||
| 245 | 1 | 0 |
_aBasic english for college / _cEmy M. Pacasio [and 4 others]. |
| 250 | _arev. ed. | ||
| 260 |
_aQuezon City : _bAteneo de Manila Univerity Press, _c1997. |
||
| 300 |
_axii, 243 pages : _c23 cm. _billustrations ; |
||
| 650 | _aCollege readers. | ||
| 650 |
_aEnglish language _xStudy and teaching. |
||
| 650 |
_aEnglish language _xTextbooks. |
||
| 942 |
_2lcc _cBK |
||
| 999 |
_c286445 _d286445 |
||